| 000 | 00898nam a2200241 a 4500 | ||
|---|---|---|---|
| 001 | 000022110 | ||
| 005 | 20200930011604.0 | ||
| 008 | 991207s2000 pe b 000 0 spa | ||
| 020 | _a8495294036 | ||
| 040 |
_aDO-SdBNP _bspa _cBNPHU |
||
| 082 |
_a370.98 _bR621e, 2000 |
||
| 100 | 1 |
_aRivero, José, _928575 |
|
| 245 | 1 | 0 |
_aEducación y exclusión en América Latina : _breformas en tiempos de globalización / _cJosé Rivero ; prólogo, Emilio Tenti Fanfani. |
| 250 | _a2a ed. | ||
| 260 |
_aLima, Perú : _bTarea Asociación de publicaciones Educativas, _c2000. |
||
| 300 |
_a419 p. ; _c20 cm. |
||
| 504 | _aIncluye referencias bibliográficas [p. 403-419]. | ||
| 650 | 4 |
_aEducación _zAmérica Latina _918826 |
|
| 650 | 4 |
_aEducación _xAspectos sociales _zAmérica Latina _928576 |
|
| 650 | 4 |
_aEducación y globalización _928577 |
|
| 700 | 1 |
_aBenavides I., Luis, _epról. _945805 |
|
| 049 | _aBNGR | ||
| 999 |
_c21608 _d21608 |
||